Name a Valid College or University by Colors - Statistics

General Stats
  • This quiz has been taken 70 times
  • The average score is 7 of 15
Answer Stats
Hint Answer % Correct
Crimson & Anything Alabama | Denver | Western State Colorado | Indiana | Indianapolis | Kansas | Harvard | WPI | Ferris State | New Mexico State | Oklahoma | Austin | Southern Methodist | Utah | Washington State
88%
Blue & White Connecticut | Yale | Georgia State | Lewis-Clark State | Butler | Indiana State | Drake | Kentucky | Colby | Maine | Jackson State | Creighton | New Hampshire | Columbia | North Carolina | Penn State | Villanova | Rhode Island | Citadel | Tennessee State | Dallas | Utah State | Longwood
86%
Red & White Arkansas | California State | Santa Clara | Stanford | Hartford | Illinois State | Western Kentucky | Boston | Minnesota State | NJIT | Bard | Cornell | North Carolina State State | Miami of Ohio | Charleston | Lamar | Houston | Southern Utah | Wisconsin | Montclair State
78%
Green & White Hawaii | Eastern Michigan | Michigan State | Bemidji State | Dartmouth | North Dakota | Ohio | Slippery Rock | Marshall
78%
Purple & White Central Arkansas | Bridgeport | Northwestern | Evansville | Kansas State | Amherst | Holy Cross | Curry | Niagara | Portland | Scranton | Furman | Trevecca Nazarene | Texas Christian
74%
Brown & Anything Valparaiso | Western Michigan | Rowan | Adelphi | Saint Bonaventure | Saint Lawrence | Bowling Green State | Lehigh | Brown | Wyoming
71%
Black & Orange Kalamazoo | Princeton | William Paterson | Campbell | Oklahoma State | Oregon State | West Virginia Wesleyan | Mercer | Idaho State | Saint Paul's | Syracuse
62%
Black & Gold Alabama State | Central Florida | Iowa | Wichita State | Grambling State | Southern Mississippi | Lindenwood | Missouri | Appalachian State | Wake Forest | Bryant | West Liberty
52%
Yellow & Green Alaska | North Dakota State | Oregon
36%
Black & Red Arkansas State | Georgia | Valdosta State | Northwest Nazarene | Northern Illinois | Louisville | Davidson | Cincinnati | Radford
33%
Silver & Anything Air Force Academy | Colorado School of Mines | Colorado | Florida Atlantic | Idaho | New Orleans | Michigan Technological | Montana | Nevada | Eastern New Mexico | New Mexico | CUNY | Old Dominion
22%
Red & Blue Samford | Fresno State | Colorado State | Shenandoah | Richmond | Delaware State | West Georgia | Louisiana Tech | Pennsylvania
19%
Yellow & Blue Southern Maine | Rochester | South Dakota State | Delaware
12%
Red, White, & Blue South Alabama | Art Institute of New York | Robert Morris
5%
Blue & Green North Georgia Tech | Baltimore | Drew | Mount Vernon Nazarene
0%
No matching quizzes found
Score Distribution
Percent of People with Each Score
Percentile by Number Answered
Your Score History
You have not taken this quiz